The penguin historical atlas of ancient Greece

Αποθηκεύτηκε σε:
Λεπτομέρειες βιβλιογραφικής εγγραφής
Κύριος συγγραφέας: Morkot, Robert
Συγγραφή απο Οργανισμό/Αρχή: Swanston Graphics Limited
Μορφή: Βιβλίο
Γλώσσα:English
Δημοσίευση: London : Penguin Books, c1996
Θέματα:
Ετικέτες: Προσθήκη ετικέτας
Δεν υπάρχουν, Καταχωρήστε ετικέτα πρώτοι!

MARC

LEADER 00000cam a2200000 i 4500
001 1/25006
008 981203s1996 eng d
020 |a 0-14-051335-3 
035 |l 10037229 
040 |a GR-MY-UA  |b gre  |e aacr 
041 0 |a eng 
082 0 |a 912.495 
100 1 |a Morkot, Robert. 
245 1 4 |a The penguin historical atlas of ancient Greece /  |c Robert Morkot 
260 |a London :   |b Penguin Books,   |c c1996 
300 |a 144 p.  |b ill. 
500 |a Design and maps copyright Swanston Publishing Limited, 1996 
504 |a Includes bibliographical references (p. 136) and index and timeline chart 
651 0 |a Greece  |x History  |y To 146 B.C. 
651 0 |a Greece  |x History  |y To 146 B.C.  |x Maps. 
710 2 |a Swanston Graphics Limited. 
852 |a INST  |b LESVOS  |e 19981203  |h 912.495 MOR  |p 005100017062  |q 005100017062  |t BK  |y 0 
901 |a BIBL-1999-1 
922 |a 1ΕΛΗ  |b 199810  |c ΚΠΣ/ΤΓ  |d ΠΑΠΑΣΩΤΗΡΙΟΥ 
950 |a 118-1998-07-18